1829 1085 1276 1948 1204 1935 1992 1796 1517 1482 1176 1335 1789 1453 1513 1887 1564 1827 1483 1557 1297 1882 1866 1752 1152 1047 1821 1255 1502 1315 1258 1356 1173 1663 1958 1343 1712 1543 1903 1960 1529 1384 1390 1960 1348 1908 1476 1429 1447 1305 1313 1660 1874 1602 1498 1832 1569 1377 1855 1852 1612 1810 1022 1738 1332 1875 1692 1669 1738 1341 1833 1263 1388 1360 1977 1446 1970 1676 1495 1461 1456 1472 1870 1713 1412 1844 1227 1646 1746 1857 1217 1310 1559 1180 1400 1881 1978 1004 1493 BCNSPRNW ULIB Ver.6.0+V

เปลี่ยนเป็นภาษาไทย

Change to English
 แสดงรายละเอียดบรรณานุกรม
  กลับหน้าหลัก

Brief Record : Get Marc (ISO 2709) : E-mail record : QR code < ปิดหน้าต่าง
LEADER : 00000nam 2200000uu 4500
001    13399123591
003     ULIB
008    141017s2556||||th 000 0 tha d
020    ^a9786161116088
060 04 ^aWS105^bต367 ล.3
245 00 ^aตำราพัฒนาการและพฤติกรรมเด็ก.^nเล่ม 3 การดูแลเด็กสุขภาพดี /^cทิพวรรณ หรรษคุณาชัย ... [และคนอื่นๆ]
246 30 ^aการดูแลเด็กสุขภาพดี
250    ^aพิมพ์ครั้งที่ 1
260    ^a[กรุงเทพฯ] :^bชมรมพัฒนาการและพฤติกรรมเด็กแห่งประเทศไทย,^c2556
300    ^axii, 384 หน้า :^bภาพประกอบ ;^c27 ซม.
650  4 ^aพัฒนาการของเด็ก
650  4 ^aพฤติกรรมของเด็ก
650  4 ^aเด็ก^xการดูแล
650  4 ^aเด็ก^xการเลี้ยงดู
650  4 ^aเด็ก^xสุขภาพและอนามัย
700 0  ^aทิพวรรณ หรรษคุณาชัย
710 2  ^aชมรมพัฒนาการและพฤติกรรมเด็กแห่งประเทศไทย
945    ^p480^l0^i21402
945    ^p480^l0^i21403
945    ^p480^l0^i21404
945    ^p480^l0^i21405
945    ^p480^l0^i21406
999    ^aทศพร เกษรทอง
รายการนี้ยังไม่มีแท็ก
คุณยังไม่ได้ล็อกอิน คุณสามารถมีกิจกรรมร่วมกับเว็บไซต์ได้ แต่ต้องล็อกอินก่อน ::
  ล็อกอิน

รายการสื่อสารสนเทศ

ลำดับที่ ประเภท เลขเรียก/บาร์โค้ด สถานที่ สถานะ
1. วิทยาศาสตร์การแพทย์ และสุขภาพ
วิทยาศาสตร์การแพทย์ และสุขภาพ
สถานะ=หนังสือเก่า
WS105 ต367 ล.3 ฉ.1 
  Barcode: 21402
ห้องสมุดวิทยาเขตนครสวรรค์
►ส่วนจัดเก็บหนังสือเก่า นว.
บนชั้น
  ขอยืม
2. วิทยาศาสตร์การแพทย์ และสุขภาพ
วิทยาศาสตร์การแพทย์ และสุขภาพ
สถานะ=หนังสือเก่า
WS105 ต367 ล.3 ฉ.2 
  Barcode: 21403
ห้องสมุดวิทยาเขตนครสวรรค์
►ส่วนจัดเก็บหนังสือเก่า นว.
บนชั้น
  ขอยืม
3. วิทยาศาสตร์การแพทย์ และสุขภาพ
วิทยาศาสตร์การแพทย์ และสุขภาพ
สถานะ=หนังสือเก่า
WS105 ต367 ล.3 ฉ.3 
  Barcode: 21404
ห้องสมุดวิทยาเขตนครสวรรค์
►ส่วนจัดเก็บหนังสือเก่า นว.
บนชั้น
  ขอยืม
4. วิทยาศาสตร์การแพทย์ และสุขภาพ
วิทยาศาสตร์การแพทย์ และสุขภาพ
สถานะ=หนังสือเก่า
WS105 ต367 ล.3 ฉ.4 
  Barcode: 21405
ห้องสมุดวิทยาเขตนครสวรรค์
►ส่วนจัดเก็บหนังสือเก่า นว.
บนชั้น
  ขอยืม
5. วิทยาศาสตร์การแพทย์ และสุขภาพ
วิทยาศาสตร์การแพทย์ และสุขภาพ
สถานะ=หนังสือเก่า
WS105 ต367 ล.3 ฉ.5 
  Barcode: 21406
ห้องสมุดวิทยาเขตนครสวรรค์
►ส่วนจัดเก็บหนังสือเก่า นว.
บนชั้น
  ขอยืม

รายการใกล้เคียง
    หัวเรื่อง [พัฒนาการของเด็ก]
    หัวเรื่อง [พฤติกรรมของเด็ก]
    หัวเรื่อง [เด็ก การดูแล]

BibComment


ยังไม่เคยถูกคอมเมนท์

คอมเมนท์ทรัพยากรรายการนี้
  คอมเมนท์: ตำราพัฒนาการและพ..


 Copyright 2026. Bcnsprnw @Library